Central Library OPAC University of Rajshahi

Records management and filing operations / (Record no. 14391)

MARC details
000 -LEADER
fixed length control field 00853cam a22002771 4500
001 - CONTROL NUMBER
control field 14391
003 - CONTROL NUMBER IDENTIFIER
rucl marc code BD-RjUL
005 - DATE AND TIME OF LATEST TRANSACTION
control field 20211208235623.0
008 - FIXED-LENGTH DATA ELEMENTS--GENERAL INFORMATION
fixed length control field 140205s1947 nyua 001 0 eng
035 ## - SYSTEM CONTROL NUMBER
System control number (BD-RjUL)14443
System control number (OCoLC)691871
040 ## - CATALOGING SOURCE
Original cataloging agency DLC
Transcribing agency OClU
Modifying agency OCoLC
-- DLC
-- BD-RjUL
Language of cataloging eng
041 ## - LANGUAGE CODE
Language code of text/sound track or separate title eng
082 ## - DEWEY DECIMAL CLASSIFICATION NUMBER
Classification number 651.5
Author mark and year ODR 1947
100 1# - MAIN ENTRY--PERSONAL NAME
Personal name Odell, Margaret K.
9 (RLIN) 44897
245 10 - TITLE STATEMENT
Title Records management and filing operations /
Statement of responsibility, etc. by Margaret K. Odell and Earl P. Strong.
260 ## - PUBLICATION, DISTRIBUTION, ETC. (IMPRINT)
Place of publication, distribution, etc. New York :
Name of publisher, distributor, etc. McGraw-Hill Book Co.,
Date of publication, distribution, etc. c1947.
300 ## - PHYSICAL DESCRIPTION
Pagination ix, 342 p. :
Illustrations illus. ;
Size 24 cm.
504 ## - BIBLIOGRAPHY, ETC. NOTE
Bibliography, etc Includes Index.
650 #0 - SUBJECT ADDED ENTRY--TOPICAL TERM
Topical term or geographic name as entry element Business records.
9 (RLIN) 44898
Topical term or geographic name as entry element Filing systems.
9 (RLIN) 44899
700 1# - ADDED ENTRY--PERSONAL NAME
Personal name Strong, Earl P.
Fuller form of name (Earl Poe),
Dates associated with a name 1910-
Relator term joint author.
942 ## - ADDED ENTRY ELEMENTS (KOHA)
Source of classification or shelving scheme Dewey Decimal Classification
Koha item type Books
Holdings
Lost status Source of classification or shelving scheme Damaged status Not for loan Collection code Permanent Location Current Location Shelving location Date acquired Source of acquisition Cost, normal purchase price Total Checkouts Full call number Date last seen Date checked out Copy number Koha item type
  Dewey Decimal Classification     Non-fiction Central Library, University of Rajshahi Central Library, University of Rajshahi   04/12/1962 Zeitlinger 58.00 2 651.5 ODR 1947 01/11/2014 01/11/2014 C-2 Books
  Dewey Decimal Classification   Not For Loan Non-fiction Central Library, University of Rajshahi Central Library, University of Rajshahi Reading Room 04/12/1962 Zeitlinger 58.00   651.5 ODR 1947 04/06/2017   C-1 Books